000 00464nam a22001817a 4500
005 20180206121952.0
008 160428b xxu||||| |||| 00| 0 eng d
020 _a981-243859-9
041 _aeng
082 _b00651
_a005.14
100 _aGillies, Alan C.
_94098
245 _aSoftware Quality: Theory & Management
250 _a2nd ed.
260 _aIndia
_bThomson Learning Inc,
_c2003
300 _a232
650 _aInformation Technology
_9137
942 _cBK
999 _c188
_d188